000
00292nam a2200121Ia 4500
008
220204s9999 xx 000 0 und d
082
_a
633.5
_b
IND
245
0
_a
Commodity note: Coir rope
260
_a
Cochin
_b
Coir board
_c
1969
650
_a
Coir rope
650
_a
World output
942
_c
BK
999
_c
22326
_d
22326